Uncommon Animal Challenge - Statistics

General Stats
  • This quiz has been taken 8 times
  • The average score is 2 of 16
Answer Stats
Picture Answer % Correct
Wolverine
63%
Dugong
50%
Dhole
25%
Kemp's Ridley Sea Turtle
25%
Tiger Moth
25%
Bandy Bandy Snake
13%
Greater Slow Loris
13%
Pygmy Gecko
13%
San Francisco Forktail
13%
Aardwolf
0%
Aphrodite Anthias
0%
Civet
0%
Mini Frog
0%
Olinguito
0%
Ring-Tailed Vontsira
0%
Sorting Hat Spider
0%
No matching quizzes found
Score Distribution
Percent of People with Each Score
Percentile by Number Answered
Your Score History
You have not taken this quiz